[Event "IsBank TCh-TUR"]
[Site "Konya TUR"]
[Date "2010.07.06"]
[Round "10"]
[White "Sanal,V"]
[Black "Olcum,A"]
[Result "1-0"]
[WhiteElo "2106"]
[BlackElo "1949"]
[EventDate "2010.06.29"]

1. e4 d6 2. d4 Nf6 3. Nc3 g6 4. Be3 c6 5. Qd2 Bg7 6. f3 b5 7. Nge2 Nbd7 8.
Bh6 Bxh6 9. Qxh6 Qa5 10. Kf2 Bb7 11. Qe3 e5 12. Nc1 Qb6 13. dxe5 dxe5 14.
Nd3 Qxe3+ 15. Kxe3 a5 16. Be2 Ke7 17. Rhf1 Nh5 18. g4 Ng7 19. f4 f6 20. f5
g5 21. h3 Ne8 22. Rad1 Nd6 23. b3 Rhd8 24. h4 h6 25. Rh1 Nf7 26. a4 b4 27.
Nb1 Ba6 28. hxg5 hxg5 29. Rh7 Bxd3 30. Rxd3 Nb6 31. Rxd8 Rxd8 32. Nd2 Rh8
33. Rh5 Kf8 34. Kd3 Rxh5 35. gxh5 Nd6 36. Nf3 Kg7 37. Nh2 Nf7 38. Ng4 Nh6
39. Ne3 Kh7 40. Nc4 Nxc4 41. Kxc4 g4 42. Kc5 g3 43. Bf3 Ng4 44. Kxc6 Ne3
45. Kb6 g2 46. Bxg2 Nxg2 47. Kxa5 Ne3 48. Kxb4 Nxc2+ 49. Kc5 Nd4 50. b4 Kh6
51. a5 Nb3+ 52. Kc4 Nd2+ 53. Kd3 1-0

[Event "IsBank TCh-TUR"]
[Site "Konya TUR"]
[Date "2010.07.06"]
[Round "10"]
[White "Ulusoy,Nisan"]
[Black "Patel,Y"]
[Result "0-1"]
[WhiteElo "1613"]
[BlackElo "1782"]
[EventDate "2010.06.29"]

1. e4 c5 2. Nf3 Nc6 3. Ng1 Nb8 4. Nf3 Nc6 5. d4 cxd4 6. Nxd4 g6 7. c4 Nf6
8. Nc3 Nxd4 9. Qxd4 d6 10. Be3 Bg7 11. Be2 O-O 12. Qd2 Be6 13. Rc1 a5 14.
f3 a4 15. O-O Qa5 16. Nd5 Bxd5 17. Qxa5 Rxa5 18. cxd5 Nd7 19. b3 axb3 20.
axb3 Ra3 21. Bd1 Nc5 22. Rb1 Rfa8 23. Bc2 Rc8 24. Rfc1 Na4 25. Bd2 Nc3 26.
Bxc3 Bxc3 27. Bd1 Bd4+ 28. Kf1 Rca8 29. Be2 Bb6 30. Bc4 Ra2 31. Be2 Be3 32.
Rc3 Bd4 33. Rd3 Bb6 34. g3 Rc2 35. h4 Raa2 36. Bd1 Rf2+ 37. Ke1 Ba5+ 38. b4
Rh2 39. Bc2 Raxc2 40. Kd1 Rcg2 41. Re3 Bb6 0-1

[Event "IsBank TCh-TUR"]
[Site "Konya TUR"]
[Date "2010.07.06"]
[Round "10"]
[White "Korkmaz,N"]
[Black "Keler,F"]
[Result "1-0"]
[WhiteElo "2199"]
[BlackElo "2236"]
[EventDate "2010.06.29"]

1. e4 c5 2. Nf3 d6 3. d4 cxd4 4. Qxd4 Nc6 5. Bb5 Bd7 6. Bxc6 Bxc6 7. c4 Nf6
8. Nc3 g6 9. O-O Bg7 10. Qd3 O-O 11. Be3 a5 12. Rac1 Nd7 13. Nd4 Nc5 14.
Qc2 Qd7 15. Rfd1 f5 16. Nxf5 gxf5 17. Bxc5 Qe6 18. Bd4 Bh6 19. exf5 Rxf5
20. Nd5 Bxc1 21. Qxf5 Bxd5 22. Qxd5 Qxd5 23. cxd5 Bh6 24. Kf1 Rc8 25. Ke2
Bg7 26. Ke3 Rc2 27. Kd3 Rc8 28. Rd2 Rc1 29. Bc3 a4 30. Re2 Bf8 31. f4 b5
32. a3 Rf1 33. g3 h5 34. Ke4 h4 35. Kf5 hxg3 36. hxg3 Rd1 37. Ke6 Rd3 38.
g4 Rf3 39. Kf5 Rd3 40. Ke6 Rf3 41. Re4 Rf2 42. g5 Bg7 43. Kxe7 Bxc3 44.
bxc3 Rf3 1-0

[Event "IsBank TCh-TUR"]
[Site "Konya TUR"]
[Date "2010.07.06"]
[Round "10"]
[White "Firat,B"]
[Black "Komut,B"]
[Result "1-0"]
[WhiteElo "2403"]
[BlackElo "2012"]
[EventDate "2010.06.29"]

1. e4 e5 2. Nf3 Nc6 3. Bb5 a6 4. Ba4 Nf6 5. O-O Be7 6. Re1 b5 7. Bb3 d6 8.
c3 O-O 9. h3 h6 10. d4 Re8 11. Nbd2 Bf8 12. d5 Ne7 13. Nf1 c6 14. dxc6 Qc7
15. N3h2 Nxc6 16. Qf3 Qe7 17. Ne3 Be6 18. Nf5 Bxf5 19. Qxf5 Na5 20. Bc2 Qe6
21. Qf3 Rad8 22. Nf1 d5 23. exd5 Qxd5 24. Qg3 Kh8 25. Ne3 Qe6 26. Ng4 Bd6
27. Nxf6 Qxf6 28. Qd3 g6 29. Bxh6 Kh7 30. Bc1 e4 31. Qe3 Qe5 32. Qh6+ Kg8
33. g3 Qf5 34. Be3 Nc6 35. Qh4 Re6 36. Qg4 Qxg4 37. hxg4 Ne5 38. Red1 Nxg4
39. Bg5 Rd7 40. Rd4 Kg7 41. Rad1 f6 42. Bb3 1-0

[Event "IsBank TCh-TUR"]
[Site "Konya TUR"]
[Date "2010.07.06"]
[Round "10"]
[White "Sipahioglu,I"]
[Black "Sirin,A"]
[Result "1/2-1/2"]
[WhiteElo "2057"]
[BlackElo "2250"]
[EventDate "2010.06.29"]

1. d4 d5 2. c4 e6 3. Nc3 Nf6 4. cxd5 exd5 5. Bg5 c6 6. e3 h6 7. Bh4 Bf5 8.
Nf3 Qb6 9. Qb3 Qxb3 10. axb3 Nbd7 11. Be2 Bb4 12. O-O O-O 13. Rfc1 Rfe8 14.
Ne1 a5 15. Nd3 Be7 16. Na4 g5 17. Bg3 Ne4 18. Nac5 Bxc5 19. dxc5 Nxg3 20.
hxg3 d4 21. g4 Bg6 22. b4 a4 23. e4 Bxe4 24. f3 Bd5 25. Bd1 Re3 26. Ra3 b5
27. cxb6 Nxb6 28. Nc5 Nc4 29. Rxe3 dxe3 30. Nxa4 Rb8 31. b3 Nd2 32. Rc3
Rxb4 33. Rxe3 Nxb3 34. Nc3 Nc5 35. Bc2 Ne6 36. Be4 Bxe4 37. Nxe4 Rb1+ 38.
Kf2 Rb2+ 39. Re2 Rxe2+ 40. Kxe2 Kg7 41. g3 Kg6 42. Nd6 Kf6 43. Ke3 Ng7 44.
Kd4 Ke6 45. Ne4 f5 46. gxf5+ Kxf5 47. Nd6+ Ke6 48. Kc5 Nh5 49. g4 Ng3 50.
Kxc6 Ne2 51. Nf5 Ng1 52. Nxh6 Nxf3 53. Kc5 Nh2 54. Kd4 Kf6 55. Ke4 Kg6 56.
Nf5 Nxg4 57. Ng3 Nf6+ 58. Kf3 Kh6 59. Kg2 Kh7 60. Kf3 Kg6 61. Kg2 Kf7 62.
Kf3 Ke6 63. Ne4 Nxe4 64. Kxe4 Kf6 65. Kf3 Kf5 66. Kg3 1/2-1/2

[Event "IsBank TCh-TUR"]
[Site "Konya TUR"]
[Date "2010.07.06"]
[Round "10"]
[White "Esen,N"]
[Black "Reyhan,D"]
[Result "1-0"]
[WhiteElo "1969"]
[BlackElo "2325"]
[EventDate "2010.06.29"]

1. e4 c5 2. Nf3 d6 3. Bb5+ Nd7 4. c3 Ngf6 5. Qe2 a6 6. Ba4 b5 7. Bc2 Bb7 8.
d4 cxd4 9. cxd4 g6 10. O-O Bg7 11. Nbd2 O-O 12. b3 Qb6 13. Bb2 Rac8 14. Bd3
Ne8 15. e5 Nc7 16. Ng5 dxe5 17. dxe5 Nc5 18. Bb1 N7e6 19. Nxe6 Nxe6 20. Be4
Rfd8 21. Bxb7 Rc2 22. Bc1 Qxb7 23. Qe3 Nd4 24. Rb1 Rc3 25. Qe4 Qxe4 26.
Nxe4 Rc2 27. Ba3 Kf8 28. f4 Rxa2 29. Bc5 Ne6 30. Bb6 Rb8 31. Rbc1 Bh6 32.
Ba7 Rd8 33. g3 g5 34. f5 Nd4 35. Bxd4 g4 36. Bc5 Bxc1 37. Rxc1 Kg7 38. Bxe7
Rd4 39. Bf6+ Kh6 40. Bg5+ Kh5 41. Re1 Rxe4 42. Rxe4 Ra1+ 43. Kf2 Ra2+ 44.
Ke3 Kxg5 45. e6 Ra1 46. e7 Re1+ 47. Kd3 Rd1+ 48. Ke2 1-0

[Event "IsBank TCh-TUR"]
[Site "Konya TUR"]
[Date "2010.07.06"]
[Round "10"]
[White "Margvelashvili,G"]
[Black "Borovikov,V"]
[Result "1/2-1/2"]
[WhiteElo "2529"]
[BlackElo "2599"]
[EventDate "2010.06.29"]

1. d4 d5 2. c4 c6 3. Nf3 Nf6 4. cxd5 cxd5 5. Ng1 Ng8 6. Nf3 Nf6 7. Nc3 Nc6
8. Bf4 a6 9. Rc1 Bf5 10. e3 Rc8 11. Ne5 e6 12. Qb3 Nxe5 13. Bxe5 Qd7 14.
Be2 Ne4 15. f3 Nd6 16. O-O Nc4 17. Bxc4 dxc4 18. Qb6 f6 19. Bg3 Bd3 20.
Rfd1 Be7 21. Qa5 O-O 22. Na4 Qb5 23. Qxb5 axb5 24. Nc5 Bxc5 25. dxc5 Rfd8
26. Bd6 Kf7 27. Bg3 Rxc5 28. Be1 Rcd5 29. Kf2 e5 30. Bc3 e4 31. f4 g5 32.
fxg5 fxg5 33. Rd2 Ke6 34. Kg1 Rf5 35. Rf2 Rxf2 36. Kxf2 Rf8+ 37. Kg1 h5 38.
h3 Kd5 39. Rd1 Kc5 40. a3 Kb6 41. Bb4 Rf7 42. Bc3 Ka6 43. Bb4 Kb6 44. Bc3
Kc6 45. Bb4 Kd5 46. Bc3 Ke6 47. Bb4 Rf5 48. Bc3 Kf7 49. Bb4 Kg6 50. Bc3 h4
51. Bb4 Kh5 52. Bc3 g4 53. hxg4+ Kxg4 54. Kh2 Rf2 55. Rd2 Rf1 56. Bd4 Rf5
57. Bc3 Rf7 58. Bd4 Bf1 59. Kg1 Bd3 60. Rf2 Rxf2 1/2-1/2

[Event "IsBank TCh-TUR"]
[Site "Konya TUR"]
[Date "2010.07.06"]
[Round "10"]
[White "Okay,A"]
[Black "Komut,K"]
[Result "1-0"]
[WhiteElo "1852"]
[BlackElo "1937"]
[EventDate "2010.06.29"]

1. e4 e5 2. Nf3 Nc6 3. Bb5 a6 4. Ba4 Nf6 5. O-O Be7 6. d4 exd4 7. Re1 O-O
8. e5 Nd5 9. Bb3 Nb6 10. Nxd4 Nxd4 11. Qxd4 d5 12. exd6 Bxd6 13. Bf4 Bxf4
14. Qxf4 Nd5 15. Qf3 Nf6 16. Nc3 c6 17. Ne4 Nxe4 18. Rxe4 Qg5 19. Qxf7+ 1-0

[Event "IsBank TCh-TUR"]
[Site "Konya TUR"]
[Date "2010.07.06"]
[Round "10"]
[White "Okus,M"]
[Black "Okay,I"]
[Result "1-0"]
[WhiteElo "1878"]
[BlackElo "1865"]
[EventDate "2010.06.29"]

1. e4 c6 2. d4 d5 3. Nc3 dxe4 4. Nxe4 Nd7 5. Bc4 Ngf6 6. Ng5 e6 7. Ne2 h6
8. Nf3 Bd6 9. O-O Qc7 10. Ng3 O-O 11. Re1 c5 12. Qe2 Nb6 13. dxc5 Nxc4 14.
cxd6 Nxd6 15. Bf4 Rd8 16. Rad1 Nd5 17. Be5 f6 18. Bxd6 Rxd6 19. Qd3 b5 20.
Nd4 a6 21. Qg6 Nf4 22. Qe4 Rd5 23. Nh5 Rxh5 24. Qxa8 Kh7 25. Qe4+ g6 26.
Nf3 Bb7 27. Qd4 Bd5 28. Qxf6 Rf5 29. Qc3 Qb7 30. Re5 Bxf3 31. gxf3 b4 32.
Qe3 Rf7 33. Re4 Nh3+ 34. Kg2 Ng5 35. Rf4 Rc7 36. h4 Nf7 37. Qxe6 Re7 38.
Qf6 Qc7 39. Rdd4 Ne5 40. Rd6 a5 41. h5 Rg7 42. Qxe5 gxh5+ 43. Kh2 1-0

[Event "IsBank TCh-TUR"]
[Site "Konya TUR"]
[Date "2010.07.06"]
[Round "10"]
[White "Galkin,A"]
[Black "Arslan,Erda"]
[Result "1-0"]
[WhiteElo "2597"]
[BlackElo "2126"]
[EventDate "2010.06.29"]

1. c4 e5 2. Nc3 Nf6 3. Nf3 Nc6 4. a3 g6 5. b4 d6 6. d3 Bg7 7. Bb2 Bg4 8. e3
O-O 9. h3 Be6 10. Qc2 Re8 11. Be2 Qe7 12. Ng5 Bd7 13. h4 h6 14. Nge4 Nxe4
15. dxe4 Be6 16. h5 g5 17. Rd1 Rac8 18. Nd5 Qf8 19. g4 Nb8 20. a4 c6 21.
Nc3 Red8 22. O-O d5 23. exd5 cxd5 24. cxd5 Bxd5 25. Qf5 Be6 26. Qe4 f5 27.
Qxb7 fxg4 28. Ne4 Rc2 29. Rxd8 Qxd8 30. Rd1 Qf8 31. Rd2 Rxd2 32. Nxd2 Nd7
33. Ne4 Qf7 34. Qxa7 Qxh5 35. Qa8+ Nf8 36. Nc5 Qg6 37. Nxe6 Qxe6 38. Qe4
Qe8 39. b5 h5 40. b6 1-0

[Event "IsBank TCh-TUR"]
[Site "Konya TUR"]
[Date "2010.07.06"]
[Round "10"]
[White "Bal,Sevgican"]
[Black "Sahin,Handenur"]
[Result "1/2-1/2"]
[WhiteElo "1609"]
[BlackElo "1656"]
[EventDate "2010.06.29"]

1. d4 d5 2. Nf3 Nf6 3. Bf4 Bf5 4. e3 e6 5. Nbd2 Bd6 6. Ne5 Nbd7 7. Nxd7
Qxd7 8. Bxd6 Qxd6 9. c3 O-O 10. Nf3 Rac8 11. Bd3 Bxd3 12. Qxd3 c5 13. O-O
a6 14. a4 c4 15. Qc2 b5 16. axb5 axb5 17. Ra5 b4 18. Rfa1 bxc3 19. bxc3 Rb8
20. h3 g6 21. Nd2 Qb6 22. R5a2 Qb7 23. Qd1 Ra8 24. Rb1 Qc7 25. Rxa8 Rxa8
26. Qf3 Kg7 27. e4 Ra2 28. e5 Ng8 29. Nxc4 Qa7 30. Nd6 Ra1 31. Rxa1 Qxa1+
32. Kh2 Qa7 33. Qe2 Ne7 34. Qb5 Nf5 35. Ne8+ Kh6 36. Nf6 Qa8 37. Qd3 Qc6
38. Qd2+ Kg7 39. g4 Ne7 40. Qe3 Ng8 41. Qg5 h6 42. Qh4 Qxc3 1/2-1/2

[Event "IsBank TCh-TUR"]
[Site "Konya TUR"]
[Date "2010.07.06"]
[Round "10"]
[White "Yuksel,G"]
[Black "Soysal,I"]
[Result "1/2-1/2"]
[WhiteElo "1825"]
[BlackElo "1676"]
[EventDate "2010.06.29"]

1. e4 d5 2. exd5 Nf6 3. Bb5+ Bd7 4. Be2 Nxd5 5. d4 Bf5 6. Nf3 e6 7. a3 Be7
8. O-O O-O 9. c4 Nb6 10. Nc3 Bf6 11. Be3 Nc6 12. b4 Qe7 13. Qb3 Rfd8 14.
Rfd1 a5 15. c5 Nd5 16. Nxd5 Rxd5 17. b5 a4 18. Qc4 Nb8 19. Rd2 c6 20. Bf4
cxb5 21. Qxb5 Nc6 22. Bd6 Rxd6 23. cxd6 Qxd6 24. Rad1 Be4 25. Qxb7 Rb8 26.
Qa6 Qxa3 27. Ne5 Bg5 28. Nxc6 Bxc6 29. Rc2 Bd5 30. Rc8+ Rxc8 31. Qxc8+ Qf8
32. Qxf8+ Kxf8 33. Ra1 Bb3 34. Bb5 Bf6 35. Bxa4 Bxd4 36. Ra3 Bd5 37. Bc2 g6
38. Kf1 f5 39. Bb3 Bb2 40. Ra2 Bxb3 41. Rxb2 Bd5 42. Rc2 h5 43. Rc7 Bb3 44.
f4 Ba4 45. Ke2 h4 46. g3 Be8 47. Ke3 Bf7 48. Kd4 Kg7 49. Ke5 g5 50. fxg5
Kg6 51. Kf4 Be8 52. Re7 Bf7 53. g4 fxg4 54. Kxg4 Bg8 55. Ra7 Bf7 56. Ra1
Kg7 57. Rf1 Bg6 58. Rf6 Bf7 59. Kf4 Bg8 60. Ke5 Bf7 61. Kd6 Bg8 62. Ke7 e5
1/2-1/2

[Event "IsBank TCh-TUR"]
[Site "Konya TUR"]
[Date "2010.07.06"]
[Round "10"]
[White "Gaponenko,I"]
[Black "Guramishvili,S"]
[Result "1-0"]
[WhiteElo "2465"]
[BlackElo "2289"]
[EventDate "2010.06.29"]

1. e4 c5 2. Nf3 d6 3. d4 cxd4 4. Nxd4 Nf6 5. Nc3 a6 6. Be3 e5 7. Nb3 Be6 8.
Qd2 Nbd7 9. O-O-O b5 10. f4 Ng4 11. f5 Bxb3 12. axb3 Nxe3 13. Qxe3 Be7 14.
Kb1 Nb6 15. Kc1 Nd7 16. Kb1 Nb6 17. h4 O-O 18. g4 f6 19. Rg1 Qc7 20. g5 Kh8
21. Nd5 Nxd5 22. Rxd5 Rfb8 23. g6 h6 24. Rg2 Rb6 25. Rgd2 Qb7 26. c4 bxc4
27. Bxc4 a5 28. R5d3 Qa7 29. Bd5 Rab8 30. Rc3 Bd8 31. Rc4 Qa6 32. Rg2 Be7
33. Rc7 Qf1+ 34. Ka2 Rb5 35. Qxh6+ 1-0

[Event "IsBank TCh-TUR"]
[Site "Konya TUR"]
[Date "2010.07.06"]
[Round "10"]
[White "Tulay,S"]
[Black "Firat,Deniz"]
[Result "1-0"]
[WhiteElo "1788"]
[BlackElo "1621"]
[EventDate "2010.06.29"]

1. e4 c5 2. Nf3 d6 3. d4 cxd4 4. Nxd4 Nf6 5. Nc3 a6 6. a4 e6 7. Be2 Be7 8.
Be3 O-O 9. f4 Qc7 10. O-O Nbd7 11. Bf3 Rb8 12. e5 b6 13. Kh1 dxe5 14. Nc6
exf4 15. Nxe7+ Kh8 16. Nc6 fxe3 17. Nxb8 Qxb8 18. Qd4 Bb7 19. Qxe3 Bxf3 20.
Qxf3 Qc7 21. Rad1 Rc8 22. Rfe1 h6 23. g3 Ne5 24. Qg2 Nc4 25. b3 Na5 26. Ne4
Qxc2 27. Rd8+ Kh7 28. Nxf6+ gxf6 29. Rxc8 Qxc8 30. b4 Nb7 31. Qe4+ Kg7 32.
Qg4+ Kh7 33. Qd4 Qc6+ 34. Qe4+ Qxe4+ 35. Rxe4 a5 36. Rd4 axb4 37. Rxb4 Nc5
38. Rc4 Na6 39. Rc6 Nc5 40. a5 Nb7 41. axb6 Na5 42. Rc7 1-0

[Event "IsBank TCh-TUR"]
[Site "Konya TUR"]
[Date "2010.07.06"]
[Round "10"]
[White "Esen,B"]
[Black "Heberla,B"]
[Result "1/2-1/2"]
[WhiteElo "2521"]
[BlackElo "2532"]
[EventDate "2010.06.29"]

1. d4 e6 2. Nf3 Nf6 3. c4 d5 4. Nc3 c5 5. cxd5 Nxd5 6. e3 Nc6 7. Bd3 Be7 8.
O-O O-O 9. a3 cxd4 10. exd4 Bf6 11. Be4 Qd6 12. Qc2 h6 13. Rd1 Rd8 14. Be3
Bd7 15. Bh7+ Kh8 16. Ne4 Qe7 17. Nxf6 Qxf6 18. Be4 Rac8 19. Qe2 Be8 20.
Rac1 Qe7 21. Ne5 Nxe3 22. Qxe3 Nxe5 23. dxe5 Bc6 24. Bxc6 Rxc6 25. Qxa7 Qd7
26. g3 Rxc1 27. Rxc1 Qd2 28. Qe3 Qxb2 29. Kg2 Qb5 30. Qf3 Qd5 31. Qxd5 Rxd5
32. Rc7 Kg8 33. Rxb7 Rxe5 34. a4 Re4 35. a5 Ra4 36. Rb8+ Kh7 37. Ra8 Ra3
38. h4 h5 39. a6 e5 40. a7 f6 41. Kf1 Ra2 42. f3 g5 43. hxg5 fxg5 44. Re8
Rxa7 45. Rxe5 1/2-1/2

[Event "IsBank TCh-TUR"]
[Site "Konya TUR"]
[Date "2010.07.06"]
[Round "10"]
[White "Erdogdu,M"]
[Black "Koc,O"]
[Result "1-0"]
[WhiteElo "2458"]
[BlackElo "1851"]
[EventDate "2010.06.29"]

1. e4 c5 2. Nf3 d5 3. d4 cxd4 4. Nxd4 Nf6 5. Nc3 a6 6. Be3 e5 7. Nb3 Be6 8.
f3 Be7 9. Qd2 h5 10. O-O-O Nbd7 11. h3 h4 12. Bd3 b5 13. f4 Qc7 14. Rhe1 b4
15. Nxd5 Bxd5 16. exd5 Nxd5 17. Bf5 N7f6 18. fxe5 1-0

[Event "IsBank TCh-TUR"]
[Site "Konya TUR"]
[Date "2010.07.06"]
[Round "10"]
[White "Solak,D"]
[Black "Gagunashvili,M"]
[Result "1/2-1/2"]
[WhiteElo "2547"]
[BlackElo "2580"]
[EventDate "2010.06.29"]

1. e4 d6 2. g3 e5 3. Bg2 g6 4. d3 Bg7 5. Ne2 Ne7 6. O-O O-O 7. c4 Be6 8.
Nbc3 Qd7 9. Be3 Nbc6 10. Qd2 Bh3 11. Nd5 Bxg2 12. Kxg2 f5 13. f3 Nd8 14.
Nxe7+ Qxe7 15. exf5 Rxf5 16. d4 exd4 17. Nxd4 Rf8 18. Rae1 Qf6 19. b3 a6
20. f4 Nc6 21. Nxc6 bxc6 22. Qa5 Qf7 23. Bd2 Qd7 24. Qg5 Rae8 25. Qa5 Qc8
26. Rxe8 Rxe8 27. Re1 Rxe1 28. Bxe1 Qe6 29. Bf2 Qe4+ 30. Kg1 1/2-1/2

[Event "IsBank TCh-TUR"]
[Site "Konya TUR"]
[Date "2010.07.06"]
[Round "10"]
[White "Can,E"]
[Black "Tanrikulu,E"]
[Result "1-0"]
[WhiteElo "2477"]
[BlackElo "2259"]
[EventDate "2010.06.29"]

1. e4 e5 2. Nf3 Nc6 3. d4 exd4 4. Nxd4 Bc5 5. Be3 Qf6 6. c3 Nge7 7. Qd2
Bxd4 8. cxd4 d5 9. Nc3 dxe4 10. d5 Ne5 11. Nb5 O-O 12. Nxc7 Bg4 13. Nxa8
Rxa8 14. Bb5 Nf5 15. Qc2 a6 16. Be2 Bxe2 17. Kxe2 Nxe3 18. fxe3 Nd3 19.
Raf1 Qg5 20. Rhg1 Qxd5 21. Qb3 Qh5+ 22. Kd2 Rd8 23. Kc2 Rd7 24. Kb1 Qe2 25.
Rf5 g6 26. Rf6 Nc5 27. Qc3 Na4 28. Qc2 Qxe3 29. Rgf1 Qd4 30. h4 Kg7 31. h5
e3 32. R6f4 Qd3 33. Qxd3 Rxd3 34. Rxa4 e2 35. Rc1 f5 36. Kc2 1-0

[Event "IsBank TCh-TUR"]
[Site "Konya TUR"]
[Date "2010.07.06"]
[Round "10"]
[White "Marasli,T"]
[Black "Ari,Z"]
[Result "1/2-1/2"]
[WhiteElo "2185"]
[BlackElo "2184"]
[EventDate "2010.06.29"]

1. e4 c5 2. Nf3 d6 3. d4 cxd4 4. Nxd4 Nf6 5. Nc3 a6 6. Bg5 e6 7. f4 Qb6 8.
Qd2 Nc6 9. O-O-O Qxd4 10. Qxd4 Nxd4 11. Rxd4 Be7 12. Be2 Bd7 13. e5 dxe5
14. fxe5 Nd5 15. Ne4 Bxg5+ 16. Nxg5 Bc6 17. Bh5 O-O 18. Rf1 g6 19. Bf3 Ne3
20. Re1 Nf5 21. Rd3 Rac8 22. g4 Nh4 23. Bxc6 Rxc6 24. Rh3 h6 25. Ne4 g5 26.
Rd3 Rfc8 27. c3 Ng6 28. Rd7 R6c7 29. Nf6+ Kf8 30. Rxc7 Rxc7 31. Kc2 Rc4 32.
h3 Ke7 33. Ng8+ Kf8 34. Nf6 Ke7 35. Ng8+ 1/2-1/2

[Event "IsBank TCh-TUR"]
[Site "Konya TUR"]
[Date "2010.07.06"]
[Round "10"]
[White "Yaramis,H"]
[Black "Apaydin,F"]
[Result "0-1"]
[WhiteElo "2103"]
[BlackElo "2179"]
[EventDate "2010.06.29"]

1. e4 c5 2. Nf3 Nc6 3. d4 cxd4 4. Nxd4 Qb6 5. Nb3 Nf6 6. Nc3 e6 7. Bd3 a6
8. Be3 Qc7 9. f4 d6 10. Qf3 Rb8 11. g4 b5 12. g5 Nd7 13. O-O b4 14. Ne2 Bb7
15. Qh3 g6 16. f5 gxf5 17. exf5 e5 18. f6 Kd8 19. c4 Nc5 20. Nxc5 dxc5 21.
Rad1 Nd4 22. Bf5 Qc6 23. b3 Kc7 24. Bxd4 cxd4 25. Ng3 Rg8 26. Be4 Qd7 27.
Qxd7+ Kxd7 28. Bxb7 Rxb7 29. Ne4 h6 30. h4 hxg5 31. hxg5 Ra7 32. Kf2 a5 33.
Kf3 a4 34. Ra1 Rh8 35. Kg3 Ke6 36. Rh1 Rxh1 37. Rxh1 axb3 38. axb3 Ra3 0-1

[Event "IsBank TCh-TUR"]
[Site "Konya TUR"]
[Date "2010.07.06"]
[Round "10"]
[White "Erbis,B"]
[Black "Yilmazyerli,M"]
[Result "0-1"]
[WhiteElo "1950"]
[BlackElo "2295"]
[EventDate "2010.06.29"]

1. e4 e5 2. Nf3 Nc6 3. Bb5 d6 4. d4 exd4 5. Nxd4 Bd7 6. O-O Nf6 7. Re1 Nxd4
8. Bxd7+ Qxd7 9. Qxd4 Be7 10. e5 dxe5 11. Qxe5 O-O-O 12. Nc3 Rhe8 13. Be3
Bb4 14. Qf4 Bxc3 15. bxc3 Nd5 16. Qd4 Nxe3 17. Qxa7 Qd5 18. fxe3 b6 19.
Rad1 Qb7 20. Qa4 Kb8 21. Rd7 Rxd7 22. Qxd7 Qe4 23. Qxf7 Re6 24. Qf8+ Kb7
25. Qf3 Qxf3 26. gxf3 Rc6 27. e4 Rxc3 28. Kf2 Rxc2+ 29. Re2 Rc6 30. f4 Rh6
31. Kf3 Kc8 32. e5 Kd7 33. f5 Ke7 34. Kg4 c5 35. a4 Rc6 36. Rc2 g6 37. fxg6
hxg6 38. Kf4 Rc8 39. Ke4 Ra8 40. Ra2 Ke6 41. Rg2 Rxa4+ 42. Kd3 Rd4+ 43. Kc3
Kxe5 44. Rxg6 b5 45. Rg5+ Kd6 46. Rh5 Rf4 47. h4 Rf3+ 48. Kc2 Rh3 49. Rh8
Kd5 0-1

[Event "IsBank TCh-TUR"]
[Site "Konya TUR"]
[Date "2010.07.06"]
[Round "10"]
[White "Suer,U"]
[Black "Yargici,M"]
[Result "0-1"]
[WhiteElo "1793"]
[BlackElo "1822"]
[EventDate "2010.06.29"]

1. c4 Nf6 2. Nf3 e6 3. d4 d5 4. Nc3 Be7 5. Bg5 O-O 6. e3 Nbd7 7. Rc1 c6 8.
Qc2 a6 9. cxd5 exd5 10. Be2 Re8 11. O-O Nf8 12. Bd3 Bg4 13. Ne5 Bh5 14. Ne2
Ng4 15. Bxe7 Qxe7 16. Nxg4 Bxg4 17. Ng3 Qg5 18. Rce1 Rad8 19. f3 Bc8 20.
Qf2 Qf6 21. Kh1 Re7 22. Re2 g6 23. Rd1 Ne6 24. Bc2 h5 25. Red2 h4 26. Ne2
h3 27. gxh3 Rde8 28. Ng3 Ng5 29. e4 Bxh3 30. e5 Qxf3+ 31. Qxf3 Nxf3 32. Rf2
Ng5 33. Rg1 Bg4 34. Rgf1 Ne6 35. Rd2 c5 36. dxc5 Nxc5 37. b4 Nd7 38. Rxd5
Nxe5 39. Rd4 Bf3+ 40. Kg1 Bc6 41. Be4 f5 42. Bd5+ Kg7 43. Rfd1 Nf3+ 44.
Bxf3 Bxf3 45. R1d2 Bc6 46. Kf2 Re3 47. R4d3 f4 48. Nf1 R3e5 49. Rd4 g5 50.
h4 Rf8 51. hxg5 Rxg5 52. Ke1 f3 53. Rf2 Rg1 54. Rd1 Bb5 55. Kd2 Rd8+ 0-1

[Event "IsBank TCh-TUR"]
[Site "Konya TUR"]
[Date "2010.07.06"]
[Round "10"]
[White "Danelia,M"]
[Black "Soylemez,C"]
[Result "1/2-1/2"]
[WhiteElo "2203"]
[BlackElo "1935"]
[EventDate "2010.06.29"]

1. d4 Nf6 2. c4 e6 3. Nc3 Bb4 4. Qc2 O-O 5. a3 Bxc3+ 6. Qxc3 b6 7. Bg5 Bb7
8. e3 d6 9. Ne2 Nbd7 10. Rd1 Qc8 11. Qc2 c5 12. Nc3 a6 13. f3 cxd4 14. Rxd4
Qc5 15. Bh4 d5 16. b4 Qc8 17. Bg3 e5 18. Rh4 e4 19. fxe4 dxe4 20. Be2 Re8
21. O-O Ne5 22. Bxe5 Rxe5 23. Rhf4 Qc6 24. Qd2 Ree8 25. Rd1 Qc7 26. Qd6
Rac8 27. Na4 b5 28. Nc5 Red8 29. Qxc7 Rxd1+ 30. Bxd1 Rxc7 31. Be2 bxc4 32.
Bxc4 a5 33. Nxb7 Rxc4 34. Nxa5 Rc3 35. a4 Ra3 36. Rf1 Rxa4 37. Rb1 Kf8 38.
Nc6 Ke8 39. b5 Kd7 40. Nd4 Kc7 41. Nf5 Ne8 42. Rc1+ Kb7 43. Rd1 Kc7 44. Nd4
Kb6 45. Rc1 Rb4 46. Rc8 Nc7 47. Rb8+ Kc5 48. Rc8 Kb6 49. Rf8 f6 50. Rb8+
Kc5 51. Rb7 Nxb5 52. Nxb5 Rxb5 53. Rxg7 Kc4 54. Rd7 f5 55. Rd4+ Kc3 56. Kf2
Rb2+ 57. Kg3 Re2 58. Kf4 Rxg2 59. Kxf5 Rxh2 60. Kxe4 h5 61. Rd3+ Kc4 62.
Rd8 h4 63. Rc8+ Kb5 64. Rc1 h3 65. Kf3 Ra2 66. e4 h2 67. e5 Ra3+ 68. Kg4
Re3 69. Kf4 Rh3 70. Rh1 Kc6 71. Kg4 1/2-1/2

[Event "IsBank TCh-TUR"]
[Site "Konya TUR"]
[Date "2010.07.06"]
[Round "10"]
[White "Mamedov,Nid"]
[Black "Citak,S"]
[Result "1-0"]
[WhiteElo "2614"]
[BlackElo "2340"]
[EventDate "2010.06.29"]

1. e4 e5 2. Nf3 Nc6 3. Bb5 a6 4. Ba4 Nf6 5. O-O Be7 6. Re1 b5 7. Bb3 d6 8.
c3 O-O 9. a3 Na5 10. Ba2 c5 11. b4 Nc6 12. d3 Be6 13. Bxe6 fxe6 14. Nbd2
Qd7 15. Nb3 a5 16. Nxa5 Nxa5 17. bxa5 Rxa5 18. Qb3 Nh5 19. Bd2 Nf4 20. c4
bxc4 21. Qxc4 Ra4 22. Qb3 Raa8 23. a4 Bd8 24. a5 Qf7 25. Bxf4 exf4 26. a6
Ra7 27. h3 h6 28. Qb5 Bf6 29. Ra3 Rfa8 30. e5 dxe5 31. Nxe5 Qe8 32. Qc4 Qc8
33. Ng4 Rxa6 34. Nxf6+ gxf6 35. Rxa6 Rxa6 36. Qxf4 Qf8 37. Qc4 Qd6 38. g3
f5 39. Rc1 Kf7 40. d4 cxd4 41. Qc8 Ra7 42. Qh8 Qf8 43. Qxd4 Re7 44. Qf4 Kg7
45. Rd1 Qf6 46. Rd6 Qa1+ 47. Kh2 Qf6 48. Rd3 Rf7 49. Qb8 Rf8 50. Qb6 Rf7
51. Rd6 Re7 52. Rd8 Rf7 53. Rc8 Rf8 54. Rc6 Re8 55. Qe3 Re7 56. Kg2 Qf7 57.
g4 fxg4 58. hxg4 Qf6 59. Kg3 Kf7 60. Qe4 Qg6 61. Qf4+ Kg7 62. Qe5+ Qf6 63.
f4 Qxe5 64. fxe5 Kg6 65. Kh4 Re8 66. Rc7 Ra8 67. Rc6 Re8 68. Rb6 Re7 69.
Rb8 Kg7 70. Kh5 Rf7 71. Re8 Rf1 72. Re7+ Kf8 73. Rxe6 Rh1+ 74. Kg6 Rg1 75.
Rf6+ Ke7 76. Rf4 Rh1 77. Rf7+ Ke6 78. Rh7 Rc1 79. Kxh6 Kxe5 80. g5 1-0

[Event "IsBank TCh-TUR"]
[Site "Konya TUR"]
[Date "2010.07.06"]
[Round "10"]
[White "Yeke,S"]
[Black "Mirzoev,A"]
[Result "0-1"]
[WhiteElo "2321"]
[BlackElo "2555"]
[EventDate "2010.06.29"]

1. e4 g6 2. d4 Bg7 3. c4 c5 4. Nf3 Qb6 5. dxc5 Qxc5 6. Be2 Nc6 7. O-O d6 8.
h3 Be6 9. Na3 Rc8 10. Rb1 a6 11. Be3 Qa5 12. Nd4 Nxd4 13. Bxd4 Nf6 14. Qe1
Qxe1 15. Rfxe1 O-O 16. Bf1 g5 17. b3 Nd7 18. Bxg7 Kxg7 19. Rb2 h5 20. Nc2
Ne5 21. Nd4 Bd7 22. Rd2 h4 23. f4 gxf4 24. Rf2 Ng6 25. Nf5+ Kf6 26. Be2 Kg5
27. Bg4 Rcd8 28. Rd2 Be6 29. Red1 Rc8 30. Nd4 Bxg4 31. hxg4 Kxg4 32. Nf3 f6
33. Rd5 Ne5 34. Kf2 Rh8 35. a4 b6 36. a5 bxa5 37. Rxa5 Rb8 38. Nd4 h3 39.
gxh3+ Rxh3 40. Rg1+ Rg3 41. Raa1 Rh8 42. Rxg3+ fxg3+ 43. Kg1 Rh2 0-1

[Event "IsBank TCh-TUR"]
[Site "Konya TUR"]
[Date "2010.07.06"]
[Round "10"]
[White "Kinsiz,O"]
[Black "Sengul,C"]
[Result "0-1"]
[WhiteElo "2219"]
[BlackElo "2188"]
[EventDate "2010.06.29"]

1. e4 e5 2. Nf3 Nc6 3. Bb5 a6 4. Bxc6 dxc6 5. O-O Bd6 6. d4 exd4 7. Qxd4 f6
8. Be3 Ne7 9. Nbd2 Be6 10. Qc3 Ng6 11. Nd4 Qe7 12. Nxe6 Qxe6 13. f4 Qe7 14.
Rae1 O-O-O 15. a3 Rhe8 16. b4 Qd7 17. f5 Ne5 18. h3 Qf7 19. Bf2 Qh5 20. Nf3
Nxf3+ 21. Qxf3 Qf7 22. Qe3 Qc4 23. Re2 b6 24. Qf3 Be5 25. Rfe1 Rd7 26. Bg3
c5 27. Bxe5 Rxe5 28. bxc5 Qxc5+ 29. Kh1 Rd4 30. Qb3 Rc4 31. Re3 Kb7 32.
R1e2 Qc6 33. Qd3 Rec5 34. e5 Rxe5 35. Rxe5 fxe5 36. Rxe5 Rxc2 37. Re2 Rc1+
38. Kh2 Qd6+ 39. Qxd6 cxd6 40. Re7+ Rc7 41. Re3 b5 42. g4 Kb6 43. Kg3 a5
44. g5 b4 45. axb4 axb4 46. Kg4 Rc3 47. Re8 Rc4+ 48. Kh5 Rf4 49. Rf8 g6+
50. Kh6 Rh4+ 51. Kg7 gxf5 52. Rxf5 Rxh3 53. Kf6 b3 54. Rf2 Kc5 55. Ke6 Kc4
56. Kxd6 Kc3 0-1